000 00639nam a2200205Ii 4500
003 JO-AjNU
008 230605s9999||||xx |||||||||||||| ||und||
040 _aJO-AjNU
_bara
_erda
_cJO-AjNU
041 _aara
050 1 4 _aRA790 1981
100 3 _aالحاج ، فائز محمد علي,
_eauthor
_937558
245 0 0 _aتوهم المرض
264 3 1 _aبيروت:المكتب الاسلامي ،1981
300 _a58ص
336 _atext
_btxt
_2rdacontent
337 _aunmediated
_bn
_2rdamedia
338 _avolume
_bnc
_2rdacarrier
490 0 _aالامراض النفسية1
650 4 _aالامراض النفسية
_937559
999 _aA15703
_c19271
_d19271